| 000 | 01087cam a22003613a 4500 | ||
|---|---|---|---|
| 001 | 14378315 | ||
| 003 | OSt | ||
| 005 | 20140310184424.0 | ||
| 007 | OSt | ||
| 008 | 060516s2005 nyu c 000 1 eng d | ||
| 010 | _a 2006276642 | ||
| 020 | _a0439651395 | ||
| 035 | _a(OCoLC)ocm61504347 | ||
| 040 |
_aJBL _cJBL _dBAKER _dXY4 _dIUI _dVP@ _dXY4 _dDLC |
||
| 050 | 0 | 0 |
_aPZ 7 _b.K8369Ss 2005 |
| 082 | 0 | 4 | _a[Fic] |
| 100 | 1 | _aKorman, Gordon. | |
| 245 | 1 | 4 |
_aThe stowaway solution / _cGordon Korman. |
| 260 |
_aNew York : _bScholastic, _c2005. |
||
| 300 |
_a149 p. ; _c20 cm. |
||
| 490 | 1 |
_aOn the run _v4 |
|
| 521 | 1 | _aG5 | |
| 526 | _c770 | ||
| 650 | 1 |
_aFugitives from justice _vFiction. _926892 |
|
| 650 | 1 |
_aAdventure and adventurers _vFiction. _926893 |
|
| 655 | 7 |
_aAdventure fiction. _2gsafd _93061 |
|
| 800 | 1 |
_aKorman, Gordon. _tOn the run ; _vbk. 4. _926894 |
|
| 906 |
_a7 _bcbc _ccopycat _d2 _encip _f20 _gy-gencatlg |
||
| 942 |
_2lcc _cBK-SCHOLAS |
||
| 999 |
_c34296 _d34296 |
||